000 00679aam a2200253 4500
005 20250825170431.0
008 150326b xxu||||| |||| 00| 0 spa d
020 _a9789968463027
041 _aESP
082 _aCR 861.5 B412p
100 _aBedoya Morera, Luis Antonio
_928105
245 _aLa posesión de este mundo: poemas y prosas poéticas
260 _aCosta Rica
260 _bEUCR
260 _c2012
300 _a72 páginas
490 _aTemática General
490 _aColección Lira costarricense
650 _aTEMÁTICA GENERAL
650 _aPOESÍA COSTARRICENSE
650 _aLITERATURA COSTARRICENSE
650 _aCOSTA RICA
942 _cLIT
_2ddc
999 _c3298
_d3298